00968nam a2200241Ia 4500001000600000003000900006008004100015040001300056040001300069041001300082100001900095100002900114245002700143245006500170250001100235260001100246260001100257260004900268300005800317500027700375650004300652650003100695H2696IT-RoPAU130308s9999 xx 000 0 und d aIT-RoPAU cIT-RoPAU aITALIANO aGuarino Andrea gCodice Aut. SPICS: 57090 aVideogiochi e violenza bSilenzio degli innocenti (Il). Adolescenti, Media e Violenza a1a ed. aTORINO bLindau c2003 [1° Ed.:2003 - Ed.Ling.Originale:2003] a"21 p. (prefazione: no ; testo: 21 [pagine: 85-105])" aChe Cos'E' un Videogioco? Evoluzione dei Videogiochi. videogiochi e Film Interattivi. Pubblico dei Videogiochi. Vg di simulazione e Strategici. Dai Vg storici Ai Moviegame. Vg e Pubblicità. Caso Resident Evil. Trappole del Marketing. Aspetti Psicofisici nell'Uso dei Vg. aPSICOLOGIA DELLA COMUNICAZIONE SOCIALE eCodice materia Spics: 3805